International electrical association

Guardado en:
Detalles Bibliográficos
Formato: Libro
Lenguaje:Undetermined
Publicado: Washington U. S. Government Printing Office 1980
Materias:
Etiquetas: Agregar Etiqueta
Sin Etiquetas, Sea el primero en etiquetar este registro!
Thư viện lưu trữ: Trung tâm Học liệu Trường Đại học Cần Thơ
LEADER 00436nam a2200157Ia 4500
001 CTU_86194
008 210402s9999 xx 000 0 und d
082 |a 621.3 
082 |b I.61 
245 0 |a International electrical association 
260 |a Washington 
260 |b U. S. Government Printing Office 
260 |c 1980 
650 |a Electric engineering 
904 |i Năm 
980 |a Trung tâm Học liệu Trường Đại học Cần Thơ